Komparácia akciových trhov vybraných krajín bakalárska práca

Uložené v:
Podrobná bibliografia
Hlavný autor: Čverhová, Juliána
Korporativný autor: Národohospodárska fakulta EU. Katedra bankovníctva a medzinárodných financií
Ďalší autori: Dorocáková, Michaela
Médium: Kniha
Jazyk:Slovak
Vydavateľské údaje: Bratislava 2018
Tagy: Pridať tag
Žiadne tagy, Buďte prvý, kto otaguje tento záznam!

MARC

LEADER 00000nbm a2200000 4500
001 0245848
005 20181213104650.9
041 0 |a slo 
044 |a SK 
245 1 0 |a Komparácia akciových trhov vybraných krajín  |b bakalárska práca  |c Juliána Čverhová ; školiteľ: Michaela Dorocáková 
264 1 |a Bratislava  |c 2018 
300 |a 54 s. 
100 1 |a Čverhová, Juliána 
700 1 |a Dorocáková, Michaela 
710 2 |a Národohospodárska fakulta EU. Katedra bankovníctva a medzinárodných financií